Cable stayed bridges : (Record no. 549911)

000 -LEADER
fixed length control field 00766cam a2200181 a 4500
020 ## - INTERNATIONAL STANDARD BOOK NUMBER
International Standard Book Number 0872626474 (pbk.)
082 0# - DEWEY DECIMAL CLASSIFICATION NUMBER
Classification number 624.55
Author Mark CAB
-- L-NUST, P-19
245 10 - TITLE STATEMENT
Title Cable stayed bridges :
Remainder of title proceedings of a session sponsored by the Structural Division of the American Society of Civil Engineers in conjunction with the ASCE National Convention, Nashville, Tennessee, May 9, 1988 /
Statement of responsibility, etc. edited by Carl C. Ulstrup.
260 ## - PUBLICATION, DISTRIBUTION, ETC.
Place of publication, distribution, etc. New York, N.Y. :
Name of publisher, distributor, etc. The Society,
Date of publication, distribution, etc. c1988.
300 ## - PHYSICAL DESCRIPTION
Extent v, 65 p. :
Other physical details ill. ;
Dimensions 22 cm.
500 ## - GENERAL NOTE
General note Includes indexes.
526 ## - STUDY PROGRAM INFORMATION NOTE
Program name 0
Interest level 0
Reading level 0
Title point value 624_550000000000000_CAB
650 #0 - SUBJECT ADDED ENTRY--TOPICAL TERM
Topical term or geographic name entry element Cable-stayed bridges
9 (RLIN) 43432
650 #0 - SUBJECT ADDED ENTRY--TOPICAL TERM
Topical term or geographic name entry element NUST
9 (RLIN) 6342
700 1# - ADDED ENTRY--PERSONAL NAME
Personal name Ulstrup, Carl C.
9 (RLIN) 46619
710 2# - ADDED ENTRY--CORPORATE NAME
Corporate name or jurisdiction name as entry element American Society of Civil Engineers.
9 (RLIN) 702
942 ## - ADDED ENTRY ELEMENTS (KOHA)
Source of classification or shelving scheme
Koha item type Book
Holdings
Withdrawn status Lost status Source of classification or shelving scheme Damaged status Not for loan Permanent Location Current Location Date acquired Total Checkouts Full call number Barcode Date last seen Price effective from Koha item type
          Military College of Engineering (MCE) Military College of Engineering (MCE) 10/16/2014   624.55 CAB MCE-43975 10/16/2014 03/14/2021 Book
© 2023 Central Library, National University of Sciences and Technology. All Rights Reserved.